Statistiques concernant Mots de la langue française terminés par " vent"

Cliquez ici pour prendre le quiz!

Statistiques générales

  • Ce quiz a été pris 210 fois
  • Le résultat moyen est 5 sur 11

Statistiques - réponses

IndiceMot% Correct
établissement religieuxcouvent
84%
déplacement d'airvent
83%
écranparavent
74%
à plusieurs reprisessouvent
73%
arrivée du Messieavent
61%
marquiseauvent
58%
narineévent
55%
oiseauengoulevent
13%
personnage des "Misérables"Fauchelevent
8%
jalousiecontrevent
3%
paillassonabrivent
2%

Distribution des résultats

Percentile par nombre de réponses

% des personnes avec chaque résultat

Votre développement - résultats

Vous n’avez pas pris ce quiz